000 00406nam a2200181Ia 4500
001 5050
005 20260306145839.0
008 260306t2009||||xx |||||||||||||| ||spa||
041 _aESP
082 _a332.678
_bB38
100 _aBeltrán, Arlette
_eAUT
245 0 _aEvaluación privada de proyectos
260 _c2009
300 _a
_c
650 _aGEN
654 _aCAN
942 _cLIB
_dJUS
_fJUS
_2ddc
_n
999 _c5050
_d5050